000 00686nam a2200157 a 4500
008 060407s2003 ||||||||||||||||| || u
050 _aUN-ESCWA(02)2003/4
110 _aUnited Nations Economic and Social Commission for Western Asia (ESCWA)
245 1 0 _aAnalysis of performances and assessment of growth and productivity in the ESCWA region
246 _afirst issue
260 _aNew York
_bUNITED NATIONS
_c2003
350 _a0.00
650 _aASIA, WESTERN--ECONOMIC CONDITIONS
650 0 _aECONOMICS
995 _D0.00
_FCBU-MAIN LIBRARY (Kitwe)
_H1
_I0.00
_UAVAILABLE
_WApr 7, 2006
_ZInternational Publications
999 _c34273
_d34273